Eastern Utah Libraries Catalog: Duchesne, Heber, Roosevelt, & Vernal

Prey (Record no. 398587)

MARC details
000 -LEADER
fixed length control field 01467cgm a2200301 i 4500
005 - DATE AND TIME OF LATEST TRANSACTION
control field 20240911140750.0
007 - PHYSICAL DESCRIPTION FIXED FIELD--GENERAL INFORMATION
fixed length control field vd cvaizk
008 - FIXED-LENGTH DATA ELEMENTS--GENERAL INFORMATION
fixed length control field 240716s2024 086 ## v eng d
024 ## - OTHER STANDARD IDENTIFIER
Standard number or code 843501042823
Qualifying information (videorecording)
040 ## - CATALOGING SOURCE
Original cataloging agency CTMMSN
Language of cataloging eng
Description conventions rda
Transcribing agency CTMMSN
092 ## - LOCALLY ASSIGNED DEWEY CALL NUMBER (OCLC)
Classification number movie
Item number Prey
245 00 - TITLE STATEMENT
Title Prey
Medium [videorecording].
264 ## - Production, Publication, Distribution, Manufacture, and Copyright Notice.
Place of production, publication, distribution, manufacture [Place of publication not identified?]:
Name of producer, publisher, distributor, manufacturer Vertical Ent,
Date of production, publication, distribution, manufacture, or copyr 2024
264 ## - Production, Publication, Distribution, Manufacture, and Copyright Notice.
Place of production, publication, distribution, manufacture Old Saybrook, Connecticut :
Name of producer, publisher, distributor, manufacturer www.micromarketing.org
300 ## - PHYSICAL DESCRIPTION
Extent [1 videodisc (approximately 86 minutes)?] :
Other physical details sound, color;
Dimensions 4 3/4 in.
336 ## - Content Type
Content type term two-dimensional moving image
337 ## - Media type
Media type term video
338 ## - Carrier type
Carrier type term videodisc
500 ## - GENERAL NOTE
General note [Typographic symbols and accents removed for systems compatibility.]
500 ## - GENERAL NOTE
General note Widescreen edition.
520 ## - SUMMARY, ETC.
Summary, etc After their lives are threatened by an extremist militant group, a young couple must flee their missionary post in the Kalahari Desert. But when their aircraft crashes in an animal preserve, they must battle man and beast in a fight for their lives. Director: Mukunda Michael Dewil. Stars: Ryan Phillippe, Emile Hirsch, Mena Suvari. Vertical Ent; 843501042823; 1 Disc(s); 86 min; Action / Adventure; TVMA; 08/13/24
521 ## - TARGET AUDIENCE NOTE
Target audience note Rating: TVMA.
538 ## - SYSTEM DETAILS NOTE
System details note DVD, color, widescreen, NTSC.
650 #7 - SUBJECT ADDED ENTRY--TOPICAL TERM
Topical term or geographic name as entry element Feature Films
Source of heading or term bisacsh
655 ## - INDEX TERM--GENRE/FORM
Genre/form data or focus term Video recordings.
Source of term lcgft
710 ## - ADDED ENTRY--CORPORATE NAME
Corporate name or jurisdiction name as entry element Vertical Ent
9 (RLIN) 6490251
942 ## - ADDED ENTRY ELEMENTS (KOHA)
Source of classification or shelving scheme Dewey Decimal Classification
Koha item type BOOK
Holdings
Withdrawn status Lost status Source of classification or shelving scheme Damaged status Not for loan Collection code Home library Current library Shelving location Date acquired Source of acquisition Total Checkouts Total Renewals Full call number Barcode Date last seen Date checked out Cost, replacement price Price effective from Koha item type
    Dewey Decimal Classification     Movies Wasatch County Library Wasatch County Library Audio Visual Area 09/11/2024 Micromarketing 5 1 Movie Prey 34301002130401 02/15/2025 02/04/2025 18.99 09/11/2024 DVD
This project was made possible through a grant from the Institute of Museum and Library Service administered by the Utah State Library Division.

Wasatch County Library

  • 465 East 1200 South, Heber City, Utah 84032
  • Phone 435-654-1511 | Fax 435-654-6456

Hours

  • Monday - Friday 9:30 AM - 8:00 PM
  • Saturday 9:30 AM - 1:30 PM
  • Closed Sundays and Holidays